MARC details
| 000 -LEADER |
| fixed length control field |
01623cam a2200397 i 4500 |
| 001 - CONTROL NUMBER |
| control field |
16559354 |
| 003 - CONTROL NUMBER IDENTIFIER |
| control field |
GZU |
| 005 - DATE AND TIME OF LATEST TRANSACTION |
| control field |
20210524094143.0 |
| 008 - FIXED-LENGTH DATA ELEMENTS--GENERAL INFORMATION |
| fixed length control field |
101201t20102010sa b 001 0 eng |
| 010 ## - LIBRARY OF CONGRESS CONTROL NUMBER |
| LC control number |
2010289611 |
| 020 ## - INTERNATIONAL STANDARD BOOK NUMBER |
| International Standard Book Number |
9780195985801 |
| 020 ## - INTERNATIONAL STANDARD BOOK NUMBER |
| International Standard Book Number |
019598580X |
| 040 ## - CATALOGING SOURCE |
| Original cataloging agency |
DLC |
| Language of cataloging |
eng |
| Transcribing agency |
DLC |
| Description conventions |
rda |
| Modifying agency |
DLC |
| 042 ## - AUTHENTICATION CODE |
| Authentication code |
pcc |
| 043 ## - GEOGRAPHIC AREA CODE |
| Geographic area code |
f-sa--- |
| 050 00 - LIBRARY OF CONGRESS CALL NUMBER |
| Classification number |
KTL540 SKE 2010 |
| Item number |
.S58 2010 |
| 100 1# - MAIN ENTRY--PERSONAL NAME |
| Personal name |
Skelton, Ann |
| Fuller form of name |
(Ann Marie), |
| Dates associated with a name |
1961- |
| 245 10 - TITLE STATEMENT |
| Title |
Family law in South Africa / |
| Statement of responsibility, etc. |
Ann Skelton (editor) [and author], Marita Carnelley (editor) [and author] ; Sonia Human, J.A. Robinson, Bradley Smith [authors]. |
| 260 ## - PUBLICATION, DISTRIBUTION, ETC. |
| Place of publication, distribution, etc. |
Cape Town, Republic of South Africa : |
| Name of publisher, distributor, etc. |
Oxford University Press Southern Africa, |
| Date of publication, distribution, etc. |
2010, ©2010. |
| 300 ## - PHYSICAL DESCRIPTION |
| Extent |
xix, 412 pages ; |
| Dimensions |
24 cm |
| 336 ## - CONTENT TYPE |
| Content type term |
text |
| Source |
rdacontent |
| 337 ## - MEDIA TYPE |
| Media type term |
unmediated |
| Source |
rdamedia |
| 338 ## - CARRIER TYPE |
| Carrier type term |
volume |
| Source |
rdacarrier |
| 500 ## - GENERAL NOTE |
| General note |
"Private law." |
| 504 ## - BIBLIOGRAPHY, ETC. NOTE |
| Bibliography, etc. note |
Includes bibliographical references (pages 373-378) and index. |
| 650 #0 - SUBJECT ADDED ENTRY--TOPICAL TERM |
| Topical term or geographic name entry element |
Domestic relations |
| Geographic subdivision |
South Africa. |
| 700 1# - ADDED ENTRY--PERSONAL NAME |
| Personal name |
Carnelley, Marita, |
| Dates associated with a name |
1962- |
| 700 1# - ADDED ENTRY--PERSONAL NAME |
| Personal name |
Human, Sonia. |
| 700 1# - ADDED ENTRY--PERSONAL NAME |
| Personal name |
Robinson, J. A. |
| Fuller form of name |
(Jacobus Abraham), |
| Dates associated with a name |
1953- |
| 700 1# - ADDED ENTRY--PERSONAL NAME |
| Personal name |
Smith, Bradley |
| Fuller form of name |
(Bradley S.) |
| 856 42 - ELECTRONIC LOCATION AND ACCESS |
| Materials specified |
Contributor biographical information |
| Uniform Resource Identifier |
<a href="http://www.loc.gov/catdir/enhancements/fy1106/2010289611-b.html">http://www.loc.gov/catdir/enhancements/fy1106/2010289611-b.html</a> |
| 856 42 - ELECTRONIC LOCATION AND ACCESS |
| Materials specified |
Publisher description |
| Uniform Resource Identifier |
<a href="http://www.loc.gov/catdir/enhancements/fy1106/2010289611-d.html">http://www.loc.gov/catdir/enhancements/fy1106/2010289611-d.html</a> |
| 906 ## - LOCAL DATA ELEMENT F, LDF (RLIN) |
| a |
7 |
| b |
cbc |
| c |
origres |
| d |
2 |
| e |
ncip |
| f |
20 |
| g |
y-gencatlg |
| 942 ## - ADDED ENTRY ELEMENTS (KOHA) |
| Source of classification or shelving scheme |
Library of Congress Classification |
| Koha item type |
Books |
| Classification part |
540 |
| Item part |
SKE |
| Call number prefix |
KTL |